[Event "MSR2018s4"]
[Site "?"]
[Date "2018.04.24"]
[Round "5.11"]
[White "Sun, Martin"]
[Black "Martynek, Filip"]
[Result "1-0"]
[BlackElo "1000"]
[WhiteElo "1000"]
[LiveChessVersion "1.4.8"]

1. e4 d6 {[%clk 1:30:49]} 2. Nc3 {[%clk 1:31:11]} Nf6 {[%clk 1:30:57]} 3. h3
{[%clk 1:30:46]} g6 {[%clk 1:30:38]} 4. Bc4 {[%clk 1:30:34]} Bg7 {[%clk 1:30:09]}
5. Nf3 {[%clk 1:28:49]} O-O {[%clk 1:28:49]} 6. O-O {[%clk 1:28:06]} Nbd7
{[%clk 1:28:05]} 7. d4 {[%clk 1:26:00]} c5 {[%clk 1:26:25]} 8. d5
{[%clk 1:25:32]} Nb6 {[%clk 1:25:23]} 9. Bb3 {[%clk 1:23:34]} Bd7
{[%clk 1:24:43]} 10. Bf4 {[%clk 1:23:26]} c4 {[%clk 1:24:14]} 11. Be3
{[%clk 1:22:28]} cxb3 {[%clk 1:24:26]} 12. Bxb6 {[%clk 1:22:44]} bxc2
{[%clk 1:23:50]} 13. Qxc2 {[%clk 1:22:40]} Qxb6 {[%clk 1:23:01]} 14. b3
{[%clk 1:19:34]} Rfc8 {[%clk 1:22:03]} 15. Rac1 {[%clk 1:15:40]} Nxe4
{[%clk 1:21:57]} 16. Rfd1 {[%clk 1:14:09]} Rxc3 {[%clk 1:21:44]} 17. Qxe4
{[%clk 1:09:11]} Bf5 {[%clk 1:21:18]} 18. Qh4 {[%clk 1:07:59]} Bf6
{[%clk 1:20:56]} 19. Qh6 {[%clk 1:06:11]} Rxc1 {[%clk 1:20:17]} 20. Rxc1
{[%clk 1:06:14]} Bb2 {[%clk 1:19:22]} 21. Ng5 {[%clk 1:03:52]} Bxc1
{[%clk 1:19:28]} 22. Qxh7+ {[%clk 1:02:29]} Kf8 {[%clk 1:19:21]} 23. Qxf7#
{[%clk 0:59:19]} 1-0

[Event "MSR2018s4"]
[Site "?"]
[Date "2018.04.24"]
[Round "5.12"]
[White "Sokolsky, David"]
[Black "Kriska, Alexander"]
[Result "1-0"]
[BlackElo "1000"]
[WhiteElo "1000"]
[LiveChessVersion "1.4.8"]

1. e4 {[%clk 1:30:59]} e5 {[%clk 1:30:42]} 2. Bc4 {[%clk 1:31:21]} Nf6
{[%clk 1:30:10]} 3. Nc3 {[%clk 1:31:37]} c6 {[%clk 1:29:44]} 4. Nf3
{[%clk 1:31:39]} d5 {[%clk 1:27:18]} 5. exd5 {[%clk 1:31:45]} cxd5
{[%clk 1:27:44]} 6. Bb3 {[%clk 1:31:17]} Bg4 {[%clk 1:27:23]} 7. h3
{[%clk 1:31:29]} Be6 {[%clk 1:21:17]} 8. Ba4+ {[%clk 1:31:51]} Bd7
{[%clk 1:13:15]} 9. Nxe5 {[%clk 1:31:26]} Rg8 {[%clk 1:10:50]} 10. Bxd7+
{[%clk 1:31:13]} Nbxd7 {[%clk 1:09:49]} 11. Nxd7 {[%clk 1:31:17]} Nxd7
{[%clk 1:02:01]} 12. Nxd5 {[%clk 1:31:29]} Rc8 {[%clk 0:54:53]} 13. Qe2+
{[%clk 1:31:46]} Be7 {[%clk 0:50:42]} 14. O-O {[%clk 1:31:19]} g6
{[%clk 0:36:44]} 15. Re1 {[%clk 1:31:36]} Rc5 {[%clk 0:19:57]} 16. Qxe7+
{[%clk 1:31:03]} Qxe7 {[%clk 0:20:06]} 17. Rxe7+ {[%clk 1:31:19]} Kd8
{[%clk 0:17:10]} 18. Rxf7 {[%clk 1:30:47]} Rxd5 {[%clk 0:16:36]} 19. b3
{[%clk 1:31:07]} Rf5 {[%clk 0:12:59]} 20. Rxh7 {[%clk 1:29:28]} Rh5
{[%clk 0:09:30]} 21. Rxh5 {[%clk 1:29:25]} gxh5 {[%clk 0:09:37]} 22. Bb2
{[%clk 1:29:33]} h4 {[%clk 0:09:25]} 23. g3 {[%clk 1:29:30]} hxg3
{[%clk 0:09:35]} 24. fxg3 {[%clk 1:29:47]} Rxg3+ {[%clk 0:09:16]} 25. Kh2
{[%clk 1:30:02]} Rf3 {[%clk 0:08:12]} 26. Kg2 {[%clk 1:30:22]} Rf8
{[%clk 0:07:42]} 27. Rf1 {[%clk 1:30:31]} Rxf1 {[%clk 0:07:09]} 28. Kxf1
{[%clk 1:30:52]} b6 {[%clk 0:06:46]} 29. h4 {[%clk 1:31:09]} a5 {[%clk 0:06:48]}
30. Kg2 {[%clk 1:31:19]} Ke8 {[%clk 0:05:10]} 31. Kg3 {[%clk 1:31:46]} Kf8
{[%clk 0:04:43]} 32. Ba3+ {[%clk 1:31:59]} Kg8 {[%clk 0:04:40]} 33. Kg4
{[%clk 1:32:05]} Ne5+ {[%clk 0:04:13]} 34. Kf5 {[%clk 1:32:19]} Nf7
{[%clk 0:04:11]} 35. h5 {[%clk 1:32:15]} Kg7 {[%clk 0:04:22]} 36. Bb2+
{[%clk 1:32:27]} Kg8 {[%clk 0:04:08]} 37. Kg6 {[%clk 1:32:34]} Kf8
{[%clk 0:04:27]} 38. h6 {[%clk 1:32:39]} Kg8 {[%clk 0:04:26]} 39. h7+
{[%clk 1:32:40]} Kf8 {[%clk 0:04:49]} 40. h8=Q+ {[%clk 1:32:36]} Nxh8+
{[%clk 0:05:09]} 41. Bxh8 {[%clk 1:32:47]} Kg8 {[%clk 0:05:24]} 42. d4
{[%clk 1:33:00]} Kxh8 {[%clk 0:05:23]} 43. d5 {[%clk 1:33:16]} Kg8
{[%clk 0:05:34]} 44. d6 {[%clk 1:33:35]} Kf8 {[%clk 0:05:51]} 45. d7
{[%clk 1:33:36]} Ke7 {[%clk 0:00:42]} 46. d8=Q+ {[%clk 1:33:54]} Kxd8
{[%clk 0:30:13]} 47. Kf6 {[%clk 2:05:11]} Kc7 {[%clk 0:29:58]} 48. c3
{[%clk 2:05:09]} Kc6 {[%clk 0:26:54]} 49. b4 {[%clk 2:05:29]} axb4
{[%clk 0:26:59]} 50. cxb4 {[%clk 2:05:36]} Kb7 51. Ke5 Ka6 {[%clk 0:26:16]} 52.
Kd4 {[%clk 2:05:42]} b5 {[%clk 0:25:51]} 53. Kc5 {[%clk 2:04:43]} Kb7
{[%clk 0:25:20]} 54. Kxb5 {[%clk 2:05:03]} Ka8 {[%clk 0:24:28]} 55. a4
{[%clk 2:05:27]} Kb8 {[%clk 0:23:33]} 56. a5 {[%clk 2:05:46]} Ka8
{[%clk 0:23:29]} 57. a6 {[%clk 2:06:05]} Kb8 {[%clk 0:23:24]} 58. Kc6
{[%clk 2:05:53]} Ka7 {[%clk 0:23:05]} 59. b5 {[%clk 2:06:14]} Ka8
{[%clk 0:22:53]} 60. b6 {[%clk 2:04:48]} Kb8 {[%clk 0:22:46]} 61. a7+
{[%clk 2:04:43]} Ka8 {[%clk 0:23:06]} 62. Kb5 {[%clk 2:04:20]} Kb7
{[%clk 0:22:50]} 63. a8=Q+ Kxa8 64. Ka6 Kb8 65. b7 {[%clk 2:02:55]} Kc7
{[%clk 0:22:39]} 66. Ka7 {[%clk 2:03:18]} Kc6 {[%clk 0:21:58]} 67. b8=Q
{[%clk 2:03:25]} Kd5 {[%clk 0:22:10]} 68. Qf4 {[%clk 2:03:27]} Ke6
{[%clk 0:21:58]} 69. Kb6 {[%clk 2:03:43]} Kd5 {[%clk 0:21:43]} 70. Kb5
{[%clk 2:03:52]} Ke6 {[%clk 0:21:04]} 71. Qd4 {[%clk 2:04:03]} Kf5
{[%clk 0:20:42]} 72. Qe3 {[%clk 2:03:49]} Kg4 {[%clk 0:20:46]} 73. Qf2
{[%clk 2:03:52]} Kg5 {[%clk 0:21:01]} 74. Kc4 {[%clk 2:03:36]} Kg6
{[%clk 0:21:22]} 75. Kd5 {[%clk 2:03:49]} Kg7 {[%clk 0:21:24]} 76. Ke6
{[%clk 2:04:01]} Kg6 {[%clk 0:20:53]} 77. Qg2+ {[%clk 2:04:23]} Kh5
{[%clk 0:20:45]} 78. Kf5 {[%clk 2:04:32]} Kh4 {[%clk 0:20:33]} 79. Qg4# 1-0

[Event "MSR2018s4"]
[Site "?"]
[Date "2018.04.24"]
[Round "5.13"]
[White "Holestiakova, Nina"]
[Black "Novomeska, Karin"]
[Result "0-1"]
[BlackElo "1217"]
[WhiteElo "1039"]
[LiveChessVersion "1.4.8"]

1. e4 {[%clk 1:30:58]} b6 {[%clk 1:30:57]} 2. Nc3 {[%clk 1:30:41]} Bb7
{[%clk 1:31:16]} 3. Nf3 {[%clk 1:29:45]} e6 {[%clk 1:31:05]} 4. d3
{[%clk 1:29:23]} Bb4 {[%clk 1:29:51]} 5. Bd2 {[%clk 1:29:23]} d5 {[%clk 1:17:47]}
6. exd5 {[%clk 1:24:26]} exd5 {[%clk 1:15:38]} 7. d4 {[%clk 1:22:10]} Nf6
{[%clk 1:13:00]} 8. Qe2+ {[%clk 1:18:42]} Be7 {[%clk 1:06:47]} 9. g3
{[%clk 1:14:19]} Ba6 {[%clk 1:06:13]} 10. Qd1 {[%clk 1:12:08]} Bxf1 11. Kxf1
{[%clk 1:11:54]} Ne4 {[%clk 1:05:00]} 12. Kg2 {[%clk 1:10:07]} O-O
{[%clk 1:00:15]} 13. Re1 {[%clk 1:10:04]} Nxc3 {[%clk 0:56:23]} 14. Bxc3
{[%clk 1:09:27]} Nc6 {[%clk 0:54:55]} 15. Bd2 {[%clk 1:06:41]} Re8
{[%clk 0:54:35]} 16. Bf4 {[%clk 1:02:34]} Bd6 {[%clk 0:52:03]} 17. Bxd6
{[%clk 0:59:24]} Qxd6 {[%clk 0:51:49]} 18. Qd3 {[%clk 0:57:14]} Re7
{[%clk 0:48:54]} 19. Re2 {[%clk 0:54:52]} Rae8 {[%clk 0:46:36]} 20. Rae1
{[%clk 0:54:15]} Nb4 {[%clk 0:43:54]} 21. Rxe7 {[%clk 0:47:27]} Rxe7
{[%clk 0:44:14]} 22. Qb3 {[%clk 0:47:27]} Rxe1 {[%clk 0:43:15]} 23. Nxe1
{[%clk 0:45:21]} Nc6 {[%clk 0:43:25]} 24. Qe3 {[%clk 0:43:07]} Qe6
{[%clk 0:41:38]} 25. Qd2 {[%clk 0:42:13]} a5 {[%clk 0:37:45]} 26. a4
{[%clk 0:41:28]} Qe4+ {[%clk 0:36:11]} 27. f3 {[%clk 0:40:26]} Qxd4
{[%clk 0:36:24]} 28. Qxd4 {[%clk 0:39:20]} Nxd4 {[%clk 0:36:48]} 29. c3
{[%clk 0:38:41]} Nb3 {[%clk 0:36:28]} 30. Nd3 {[%clk 0:38:09]} Kf8
{[%clk 0:36:21]} 31. Kf2 {[%clk 0:38:01]} Ke7 {[%clk 0:36:38]} 32. Ke3
{[%clk 0:37:50]} Kd6 {[%clk 0:36:54]} 33. Nf4 {[%clk 0:35:34]} Nc5
{[%clk 0:36:34]} 34. Kd4 {[%clk 0:34:26]} c6 {[%clk 0:36:28]} 35. c4
{[%clk 0:32:35]} dxc4 {[%clk 0:36:04]} 36. Kxc4 {[%clk 0:32:43]} Nxa4
{[%clk 0:36:09]} 37. Kb3 {[%clk 0:32:14]} Nc5+ {[%clk 0:36:24]} 38. Kc4
{[%clk 0:32:16]} b5+ {[%clk 0:36:41]} 39. Kc3 {[%clk 0:32:01]} Na4+
{[%clk 0:36:50]} 40. Kb3 {[%clk 0:32:04]} Nxb2 {[%clk 0:36:43]} 41. Kxb2
{[%clk 0:32:12]} c5 {[%clk 0:37:05]} 42. Ne2 {[%clk 0:32:04]} b4 {[%clk 0:37:05]}
43. Kb3 {[%clk 0:32:05]} Kd5 {[%clk 0:37:22]} 44. Nf4+ {[%clk 0:32:19]} Kd4
{[%clk 0:37:02]} 45. Ne2+ {[%clk 0:32:29]} Kd3 {[%clk 0:36:07]} 46. Nf4+
{[%clk 0:32:45]} Kd2 {[%clk 0:35:58]} 47. Kc4 {[%clk 0:32:31]} a4
{[%clk 0:35:40]} 48. Nd3 {[%clk 0:32:44]} a3 {[%clk 0:35:36]} 49. Nxc5
{[%clk 0:32:57]} a2 {[%clk 0:35:36]} 50. Nb3+ {[%clk 0:33:10]} Ke3
{[%clk 0:34:34]} 51. f4 {[%clk 0:33:17]} Kf2 {[%clk 0:34:52]} 52. Kxb4
{[%clk 0:33:27]} Kg2 {[%clk 0:35:15]} 53. Ka3 {[%clk 0:33:33]} Kxh2
{[%clk 0:35:37]} 54. Kxa2 {[%clk 0:33:38]} Kxg3 {[%clk 0:35:58]} 55. f5
{[%clk 0:33:47]} h5 {[%clk 0:36:20]} 56. Nd4 {[%clk 0:33:56]} h4 {[%clk 0:36:31]}
57. Ne2+ {[%clk 0:34:10]} Kf2 {[%clk 0:35:59]} 58. Nf4 {[%clk 0:34:22]} Kf3
{[%clk 0:36:08]} 59. Nh3 {[%clk 0:34:33]} Kg3 {[%clk 0:36:11]} 60. Ng5
{[%clk 0:34:44]} h3 {[%clk 0:36:04]} 61. Nxh3 {[%clk 0:34:02]} Kxh3
{[%clk 0:35:46]} 62. Kb3 {[%clk 0:34:21]} g6 {[%clk 0:36:00]} 63. fxg6
{[%clk 0:34:28]} fxg6 {[%clk 0:36:24]} 64. Kc3 {[%clk 0:34:41]} g5
{[%clk 0:36:44]} 65. Kd2 {[%clk 0:34:52]} g4 {[%clk 0:37:00]} 66. Ke1
{[%clk 0:35:00]} g3 {[%clk 0:37:13]} 67. Kf1 {[%clk 0:35:16]} Kh2
{[%clk 0:37:35]} 68. Ke2 {[%clk 0:35:10]} g2 {[%clk 0:37:44]} 69. Kd3
{[%clk 0:35:20]} g1=R {[%clk 0:38:10]} 70. Kc4 {[%clk 0:35:22]} Rg5
{[%clk 0:38:29]} 71. Kb3 {[%clk 0:35:24]} Rg4 {[%clk 0:38:50]} 72. Ka2
{[%clk 0:35:44]} Rg3 {[%clk 0:39:14]} 73. Ka1 {[%clk 0:36:03]} Rg2
{[%clk 0:39:34]} 74. Kb1 {[%clk 0:36:01]} Kg3 {[%clk 0:39:56]} 75. Ka1
{[%clk 0:36:24]} Kf3 {[%clk 0:40:22]} 76. Kb1 {[%clk 0:36:47]} Ke3
{[%clk 0:40:48]} 77. Ka1 {[%clk 0:37:01]} Kd3 {[%clk 0:41:10]} 78. Kb1
{[%clk 0:36:52]} Kc3 {[%clk 0:41:36]} 79. Ka1 {[%clk 0:36:55]} Kb3
{[%clk 0:41:58]} 80. Kb1 {[%clk 0:37:10]} Rg1# {[%clk 0:41:54]} 0-1

[Event "MSR2018s4"]
[Site "?"]
[Date "2018.04.24"]
[Round "5.14"]
[White "Horvathova, Hana"]
[Black "Filipiak, Magdalena"]
[Result "1/2-1/2"]
[BlackElo "1186"]
[WhiteElo "1467"]
[LiveChessVersion "1.4.8"]

1. e4 b6 2. Bc4 {[%clk 1:29:46]} Bb7 {[%clk 1:30:28]} 3. d3 {[%clk 1:25:25]} e6
{[%clk 1:30:29]} 4. Qe2 {[%clk 1:24:43]} Nf6 {[%clk 1:28:39]} 5. Nf3
{[%clk 1:20:59]} Bb4+ {[%clk 1:28:12]} 6. c3 {[%clk 1:21:13]} Be7
{[%clk 1:26:40]} 7. Bb3 {[%clk 1:21:16]} O-O {[%clk 1:26:47]} 8. O-O
{[%clk 1:21:35]} d5 {[%clk 1:27:04]} 9. e5 {[%clk 1:20:29]} Nfd7 {[%clk 1:25:42]}
10. d4 {[%clk 1:20:01]} c5 {[%clk 1:25:51]} 11. Bc2 {[%clk 1:19:12]} Ba6
{[%clk 1:25:43]} 12. Bd3 {[%clk 1:19:12]} Bxd3 {[%clk 1:25:47]} 13. Qxd3
{[%clk 1:19:19]} Nc6 {[%clk 1:25:56]} 14. Be3 {[%clk 1:19:11]} f6
{[%clk 1:24:51]} 15. Bf4 {[%clk 1:13:22]} fxe5 {[%clk 1:24:22]} 16. Bxe5
{[%clk 1:13:34]} Ndxe5 {[%clk 1:23:14]} 17. dxe5 Qc7 18. Re1 {[%clk 1:06:43]} Rf5
{[%clk 1:23:32]} 19. Nbd2 {[%clk 1:04:01]} Nxe5 {[%clk 1:22:53]} 20. Nxe5
{[%clk 1:04:14]} Rxe5 {[%clk 1:22:53]} 21. Nf3 {[%clk 1:00:34]} Rxe1+
{[%clk 1:22:28]} 22. Rxe1 {[%clk 0:59:16]} Qd6 {[%clk 1:21:28]} 23. Qe3
{[%clk 0:55:56]} Kf7 {[%clk 1:17:33]} 24. Qd3 {[%clk 0:51:29]} h6
{[%clk 1:17:02]} 25. Ne5+ Kg8 26. Qg6 {[%clk 0:47:53]} Rf8 {[%clk 1:16:47]} 27.
Nf3 {[%clk 0:47:51]} Rf6 {[%clk 1:14:44]} 28. Qd3 {[%clk 0:44:39]} Rf5
{[%clk 1:13:27]} 29. Qe3 {[%clk 0:44:00]} Kf7 {[%clk 1:13:16]} 30. Ne5+
{[%clk 0:42:19]} Kf6 {[%clk 1:13:52]} 31. Ng4+ {[%clk 0:41:21]} Kf7
{[%clk 1:13:56]} 32. Ne5+ Kg8 33. Nf3 {[%clk 0:40:20]} Bf6 {[%clk 1:12:50]} 34.
Qxe6+ Qxe6 35. Rxe6 {[%clk 0:36:19]} Kf7 {[%clk 1:11:45]} 36. Re2
{[%clk 0:36:13]} Rf4 {[%clk 1:10:48]} 37. a3 {[%clk 0:35:02]} d4 {[%clk 1:11:07]}
38. cxd4 {[%clk 0:32:58]} cxd4 {[%clk 1:11:33]} 39. Kf1 {[%clk 0:32:44]} Rf5
{[%clk 1:11:49]} 40. Rd2 Rd5 41. Rd3 {[%clk 0:32:16]} Ke6 {[%clk 1:11:43]} 42.
Ke2 {[%clk 0:32:08]} Rc5 {[%clk 1:11:38]} 43. Nxd4+ Bxd4 44. Rxd4
{[%clk 0:31:20]} Rc2+ {[%clk 1:12:04]} 45. Rd2 {[%clk 0:31:40]} Rc5
{[%clk 1:11:13]} 46. Rd3 {[%clk 0:31:11]} Ke5 {[%clk 1:10:50]} 47. Ke3
{[%clk 0:31:25]} Rc2 {[%clk 1:10:44]} 48. Rd2 {[%clk 0:31:37]} Rxd2
{[%clk 1:10:58]} 49. Kxd2 {[%clk 0:32:00]} Kd4 {[%clk 1:11:26]} 50. b3
{[%clk 0:30:58]} a5 {[%clk 1:11:48]} 51. f3 {[%clk 0:30:38]} b5 {[%clk 1:12:10]}
52. a4 {[%clk 0:28:43]} bxa4 {[%clk 1:12:32]} 53. bxa4 {[%clk 0:29:03]} Kc4
{[%clk 1:12:57]} 54. g4 {[%clk 0:25:03]} Kb4 {[%clk 1:13:22]} 55. h4
{[%clk 0:25:13]} Kxa4 {[%clk 1:13:48]} 56. Kc2 Kb4 {[%clk 1:14:13]} 57. Kb2
{[%clk 0:25:31]} a4 58. g5 {[%clk 0:25:08]} a3+ {[%clk 1:14:55]} 59. Ka2
{[%clk 0:25:30]} hxg5 {[%clk 1:15:19]} 60. hxg5 {[%clk 0:25:43]} Kc3
{[%clk 1:15:39]} 61. f4 {[%clk 0:26:07]} Kd4 {[%clk 1:15:08]} 62. f5
{[%clk 0:25:41]} Ke5 {[%clk 1:15:22]} 63. f6 {[%clk 0:25:59]} gxf6
{[%clk 1:14:55]} 64. gxf6 {[%clk 0:26:19]} Kxf6 {[%clk 1:15:22]} 65. Kxa3
{[%clk 0:26:38]} 1/2-1/2

[Event "MSR2018s4"]
[Site "?"]
[Date "2018.04.24"]
[Round "5.15"]
[White "Mrmusova, Magdalena"]
[Black "Hudakova, Nina"]
[Result "1-0"]
[BlackElo "1106"]
[WhiteElo "1132"]
[LiveChessVersion "1.4.8"]

1. e4 {[%clk 1:30:57]} c5 {[%clk 1:30:14]} 2. Nc3 {[%clk 1:31:09]} g6
{[%clk 1:28:01]} 3. g3 {[%clk 1:31:05]} Bg7 {[%clk 1:27:07]} 4. Bg2
{[%clk 1:31:13]} Nc6 {[%clk 1:25:51]} 5. Nf3 {[%clk 1:31:26]} Nf6
{[%clk 1:20:50]} 6. O-O {[%clk 1:31:37]} O-O {[%clk 1:20:18]} 7. d3
{[%clk 1:31:40]} d6 {[%clk 1:19:43]} 8. Be3 {[%clk 1:30:11]} Be6 {[%clk 1:19:33]}
9. d4 {[%clk 1:29:26]} b6 {[%clk 1:15:25]} 10. d5 {[%clk 1:29:35]} Nb4
{[%clk 1:10:55]} 11. dxe6 {[%clk 1:29:21]} fxe6 {[%clk 1:10:55]} 12. a3
{[%clk 1:29:01]} Nc6 {[%clk 1:09:56]} 13. Ng5 Nh5 {[%clk 1:08:09]} 14. Nxe6
{[%clk 1:28:47]} Qd7 {[%clk 1:07:05]} 15. Nxf8 {[%clk 1:28:54]} Rxf8
{[%clk 1:07:18]} 16. Qd2 {[%clk 1:25:10]} Ne5 {[%clk 1:04:47]} 17. f4
{[%clk 1:19:49]} Ng4 {[%clk 1:02:42]} 18. Bh3 {[%clk 1:19:40]} Nhf6
{[%clk 0:57:58]} 19. Bg2 {[%clk 1:12:37]} Nxe3 {[%clk 0:52:46]} 20. Qxe3 Ng4
{[%clk 0:49:23]} 21. Qe2 {[%clk 1:09:42]} Bd4+ {[%clk 0:46:54]} 22. Kh1
{[%clk 1:08:40]} Nf6 {[%clk 0:45:24]} 23. Qf3 {[%clk 1:02:30]} Qg4
{[%clk 0:44:14]} 24. Qxg4 {[%clk 1:02:38]} Nxg4 {[%clk 0:44:34]} 25. h4
{[%clk 0:50:13]} Rf6 {[%clk 0:42:40]} 26. Bh3 {[%clk 0:48:12]} Ne3
{[%clk 0:42:20]} 27. Rfc1 {[%clk 0:37:42]} g5 {[%clk 0:42:00]} 28. hxg5
{[%clk 0:32:41]} Rg6 {[%clk 0:38:07]} 29. Rab1 {[%clk 0:30:49]} h6
{[%clk 0:37:56]} 30. Nd5 {[%clk 0:26:31]} hxg5 {[%clk 0:37:22]} 31. Nxe7+
{[%clk 0:26:13]} Kg7 {[%clk 0:36:52]} 32. Nxg6 {[%clk 0:26:30]} Kxg6
{[%clk 0:37:00]} 33. c3 {[%clk 0:25:03]} Bf6 {[%clk 0:36:36]} 34. b4
{[%clk 0:23:51]} Nc4 {[%clk 0:33:45]} 35. bxc5 {[%clk 0:23:27]} dxc5 36. f5+ Kh5
{[%clk 0:31:30]} 37. Rb3 {[%clk 0:17:57]} Be5 {[%clk 0:31:24]} 38. Kg2
{[%clk 0:17:15]} Ne3+ {[%clk 0:31:00]} 39. Kf2 {[%clk 0:15:54]} Nc4
{[%clk 0:29:48]} 40. Rd1 {[%clk 0:14:24]} Na5 {[%clk 0:29:55]} 41. Rd7
{[%clk 0:13:28]} g4 {[%clk 0:29:32]} 42. Rh7+ {[%clk 0:10:32]} Kg5
{[%clk 0:29:45]} 43. Rb1 {[%clk 0:10:32]} gxh3 {[%clk 0:29:45]} 44. Rh1
{[%clk 0:10:32]} Nc4 {[%clk 0:29:45]} 45. R1xh3 {[%clk 0:10:32]} Nxa3
{[%clk 0:29:45]} 46. R7h6 {[%clk 0:10:32]} Kg4 {[%clk 0:29:45]} 47. R6h5
{[%clk 0:10:32]} Bf6 {[%clk 0:29:45]} 48. e5 {[%clk 0:10:32]} Be7
{[%clk 0:29:45]} 49. f6 {[%clk 0:10:32]} Bxf6 {[%clk 0:29:45]} 50. exf6
{[%clk 0:10:32]} a6 {[%clk 0:29:45]} 51. R3h4# {[%clk 0:10:32]} 1-0

[Event "MSR2018s4"]
[Site "?"]
[Date "2018.04.24"]
[Round "5.16"]
[White "Obrocnikova, Barbora"]
[Black "Knapova, Nicol"]
[Result "1-0"]
[BlackElo "1000"]
[WhiteElo "1181"]
[LiveChessVersion "1.4.8"]

1. e4 {[%clk 1:30:59]} e5 {[%clk 1:30:53]} 2. Nf3 {[%clk 1:31:20]} Nc6
{[%clk 1:31:12]} 3. Bc4 {[%clk 1:31:41]} Bc5 {[%clk 1:31:15]} 4. c3
{[%clk 1:31:51]} d6 {[%clk 1:30:52]} 5. d4 {[%clk 1:31:36]} exd4 {[%clk 1:30:54]}
6. cxd4 {[%clk 1:31:28]} Bb4+ {[%clk 1:30:29]} 7. Nc3 {[%clk 1:30:45]} Bxc3+
{[%clk 1:30:24]} 8. bxc3 {[%clk 1:30:53]} Bg4 {[%clk 1:28:04]} 9. h3
{[%clk 1:30:21]} Bh5 {[%clk 1:28:07]} 10. Qb3 {[%clk 1:28:27]} Na5
{[%clk 1:24:20]} 11. Qb4 {[%clk 1:27:21]} Nxc4 {[%clk 1:23:25]} 12. Qxc4
{[%clk 1:27:16]} Nf6 {[%clk 1:23:04]} 13. Ng5 {[%clk 1:26:55]} O-O
{[%clk 1:22:03]} 14. O-O {[%clk 1:26:25]} h6 {[%clk 1:22:18]} 15. e5
{[%clk 1:25:22]} dxe5 {[%clk 1:21:20]} 16. dxe5 {[%clk 1:25:13]} Qd5
{[%clk 1:18:58]} 17. Qf4 {[%clk 1:24:39]} Qe4 {[%clk 1:18:04]} 18. exf6
{[%clk 1:20:28]} Qxf4 {[%clk 1:17:56]} 19. Bxf4 {[%clk 1:19:50]} hxg5
{[%clk 1:17:56]} 20. Bxg5 {[%clk 1:19:49]} gxf6 {[%clk 1:17:25]} 21. Bxf6
{[%clk 1:19:58]} Rfe8 {[%clk 1:17:10]} 22. Rfe1 {[%clk 1:20:02]} Kh7
{[%clk 1:17:07]} 23. Rxe8 {[%clk 1:19:29]} Rxe8 {[%clk 1:17:10]} 24. Rb1
{[%clk 1:19:19]} b6 {[%clk 1:17:20]} 25. g4 {[%clk 1:16:28]} Bg6 {[%clk 1:17:25]}
26. Rd1 {[%clk 1:16:23]} Re6 {[%clk 1:16:55]} 27. Bd8 {[%clk 1:16:20]} c5
{[%clk 1:17:17]} 28. f4 {[%clk 1:16:18]} f5 {[%clk 1:16:11]} 29. Rd7+
{[%clk 1:15:20]} Kh6 {[%clk 1:15:51]} 30. Bg5# {[%clk 1:15:33]} 1-0

[Event "MSR2018s4"]
[Site "?"]
[Date "2018.04.24"]
[Round "5.17"]
[White "Earle, Dominic James"]
[Black "Cerven, Samuel"]
[Result "1-0"]
[BlackElo "1270"]
[WhiteElo "1273"]
[LiveChessVersion "1.4.8"]

1. c4 {[%clk 1:30:57]} e5 {[%clk 1:30:45]} 2. Nc3 {[%clk 1:31:21]} Nf6
{[%clk 1:30:57]} 3. g3 {[%clk 1:31:37]} Bc5 4. Bg2 {[%clk 1:31:06]} Nc6
{[%clk 1:30:52]} 5. d3 {[%clk 1:30:30]} h6 {[%clk 1:31:08]} 6. Nf3
{[%clk 1:30:43]} O-O {[%clk 1:31:28]} 7. O-O {[%clk 1:30:38]} d6 {[%clk 1:31:51]}
8. a3 {[%clk 1:30:45]} Be6 {[%clk 1:29:32]} 9. b4 {[%clk 1:29:36]} Bb6
{[%clk 1:29:49]} 10. Bb2 {[%clk 1:29:19]} Qd7 {[%clk 1:29:54]} 11. Na4
{[%clk 1:26:44]} Bd4 {[%clk 1:26:18]} 12. Nxd4 {[%clk 1:26:34]} Nxd4
{[%clk 1:26:40]} 13. Bxd4 {[%clk 1:26:45]} exd4 {[%clk 1:27:02]} 14. Bxb7
{[%clk 1:26:58]} Rab8 {[%clk 1:27:11]} 15. Bg2 {[%clk 1:26:23]} Bh3
{[%clk 1:27:32]} 16. Nb2 {[%clk 1:26:36]} Nh5 {[%clk 1:26:28]} 17. e4
{[%clk 1:25:22]} Nf6 {[%clk 1:26:26]} 18. Re1 {[%clk 1:24:26]} Rfe8
{[%clk 1:26:46]} 19. Bf3 {[%clk 1:22:49]} Re5 {[%clk 1:24:58]} 20. Qa4
{[%clk 1:21:13]} c6 {[%clk 1:22:56]} 21. Nd1 {[%clk 1:03:11]} Rbe8
{[%clk 1:23:06]} 22. Bg2 {[%clk 1:01:31]} Bxg2 {[%clk 1:21:59]} 23. Kxg2
{[%clk 1:01:56]} d5 {[%clk 1:22:21]} 24. cxd5 {[%clk 1:01:26]} cxd5
{[%clk 1:22:23]} 25. Qxd7 {[%clk 1:01:50]} Nxd7 {[%clk 1:22:43]} 26. f3
{[%clk 1:01:23]} dxe4 {[%clk 1:23:02]} 27. fxe4 {[%clk 1:01:46]} f5
{[%clk 1:22:56]} 28. Nf2 {[%clk 1:01:18]} Nf6 {[%clk 1:23:14]} 29. Kf3
{[%clk 1:00:45]} fxe4+ {[%clk 1:23:28]} 30. Nxe4 {[%clk 1:00:46]} Nxe4
{[%clk 1:23:28]} 31. Rxe4 {[%clk 1:00:50]} Rxe4 {[%clk 1:23:28]} 32. dxe4
{[%clk 1:01:18]} Rd8 {[%clk 1:23:32]} 33. Rd1 {[%clk 1:01:18]} Kf7
{[%clk 1:23:39]} 34. e5 {[%clk 0:59:13]} Ke6 {[%clk 1:23:26]} 35. Ke4
{[%clk 0:59:32]} Rd5 {[%clk 1:23:44]} 36. Rxd4 {[%clk 0:59:56]} Rxe5+
{[%clk 1:24:03]} 37. Kd3 {[%clk 1:00:23]} Rd5 {[%clk 1:24:14]} 38. Rxd5
{[%clk 0:57:35]} Kxd5 {[%clk 1:24:39]} 39. a4 {[%clk 0:57:56]} g6
{[%clk 1:24:39]} 40. a5 {[%clk 0:57:47]} Kc6 {[%clk 1:24:24]} 41. Kc4
{[%clk 0:58:03]} a6 {[%clk 1:22:42]} 42. h3 {[%clk 0:58:13]} Kd6 {[%clk 1:22:29]}
43. b5 {[%clk 0:58:29]} axb5+ {[%clk 1:20:25]} 44. Kxb5 {[%clk 0:58:53]} Kc7
{[%clk 1:20:45]} 45. Kc5 {[%clk 0:59:01]} 1-0

[Event "MSR2018s4"]
[Site "?"]
[Date "2018.04.24"]
[Round "5.18"]
[White "Elias, David"]
[Black "Visvader, Kristof"]
[Result "1-0"]
[BlackElo "1252"]
[WhiteElo "1608"]
[LiveChessVersion "1.4.8"]

1. e4 {[%clk 1:30:54]} e5 {[%clk 1:30:55]} 2. Nf3 {[%clk 1:31:15]} Nc6
{[%clk 1:31:21]} 3. d4 {[%clk 1:31:24]} exd4 {[%clk 1:31:45]} 4. Nxd4
{[%clk 1:31:43]} Qh4 {[%clk 1:31:43]} 5. Nb5 {[%clk 1:31:29]} Qxe4+
{[%clk 1:31:43]} 6. Qe2 {[%clk 1:31:42]} Qxe2+ {[%clk 1:31:53]} 7. Bxe2
{[%clk 1:32:04]} Kd8 {[%clk 1:32:09]} 8. N1c3 {[%clk 1:31:42]} a6
{[%clk 1:32:21]} 9. Na3 {[%clk 1:31:36]} Nf6 {[%clk 1:32:24]} 10. Bg5
{[%clk 1:31:02]} Bxa3 {[%clk 1:32:14]} 11. bxa3 {[%clk 1:31:21]} Ke7
{[%clk 1:31:44]} 12. Nd5+ {[%clk 1:31:15]} Kd6 {[%clk 1:31:24]} 13. Nxf6
{[%clk 1:31:18]} gxf6 {[%clk 1:31:41]} 14. Bxf6 {[%clk 1:31:20]} Rg8
{[%clk 1:31:52]} 15. g3 {[%clk 1:31:18]} Ke6 {[%clk 1:31:57]} 16. Bb2
{[%clk 1:31:13]} d6 {[%clk 1:31:40]} 17. O-O-O {[%clk 1:31:05]} Ke7
{[%clk 1:31:48]} 18. Rhe1 {[%clk 1:30:56]} Be6 {[%clk 1:32:05]} 19. h4
{[%clk 1:30:02]} Kd7 {[%clk 1:31:51]} 20. Bd3 {[%clk 1:29:34]} h6
{[%clk 1:31:31]} 21. Kb1 {[%clk 1:29:09]} b5 {[%clk 1:31:35]} 22. Be4
{[%clk 1:25:31]} Rgb8 {[%clk 1:30:23]} 23. c3 {[%clk 1:17:58]} a5
{[%clk 1:30:29]} 24. Ka1 {[%clk 1:15:10]} b4 {[%clk 1:30:51]} 25. Rc1
{[%clk 1:12:10]} d5 {[%clk 1:30:21]} 26. Red1 {[%clk 1:09:16]} bxc3
{[%clk 1:30:30]} 27. Rxc3 {[%clk 1:07:35]} Rb7 {[%clk 1:29:39]} 28. Bxd5
{[%clk 1:07:28]} Bxd5 {[%clk 1:29:37]} 29. Rxd5+ {[%clk 1:07:50]} Ke6
{[%clk 1:29:59]} 30. Rh5 {[%clk 1:06:33]} Kd7 {[%clk 1:29:29]} 31. Rxh6
{[%clk 1:06:41]} Rb6 {[%clk 1:29:27]} 32. Rd3+ {[%clk 1:04:16]} Ke7
{[%clk 1:29:22]} 33. Bf6+ {[%clk 1:04:10]} Kf8 {[%clk 1:28:51]} 34. Rh8#
{[%clk 1:04:26]} 1-0